| 000 | 01092nam a2200277 a 4500 | ||
|---|---|---|---|
| 001 | 000002925 | ||
| 003 | DO-SdBNP | ||
| 005 | 20230405093923.0 | ||
| 008 | 090706s1977 dr r 000 0 spa d | ||
| 020 | _a8484010074 | ||
| 040 |
_aDO-SdBNP _bspa _cBPMSU |
||
| 082 |
_a327.7307293 _bT168e 1977 _222 |
||
| 100 | 1 |
_aTansill, Charles Callan, _d1890-1964. |
|
| 245 | 1 | 4 |
_aLos Estados Unidos y Santo Domingo, 1798-1873 : _bun capítulo en la diplomacia del Caribe / _cCharles Callan Tansill. |
| 246 | 1 | 4 | _aLos Estados Unidos y Santo Domingo, 1978-1873. |
| 260 |
_aSanto Domingo : _bEditora de Santo Domingo, _c1977. |
||
| 300 |
_a546 p. ; _c22 cm. |
||
| 490 | 0 | _aSociedad Dominicana de Bibliófilos | |
| 504 | _aIncluye referencias bibliográficas y notas al pie de las páginas. | ||
| 590 | _aInventariado, 2023/VM | ||
| 651 | 4 |
_aEstados Unidos _xRelaciones exteriores _zRepública Dominicana |
|
| 651 | 4 |
_aRepública Dominicana _xRelaciones exteriores _zEstados Unidos |
|
| 710 | 2 | _aSociedad Dominicana de Bibliófilos | |
| 910 | _aVMateo V. Control de calidad (BPMSU) | ||
| 942 |
_2ddc _cBK |
||
| 999 |
_c14380 _d14380 |
||